1577 1801 1281 1782 1284 1635 1992 1403 1602 1751 1115 1091 1185 1619 1647 1120 1649 1306 1612 1618 1269 1396 1063 1703 1346 1987 1404 1681 1495 1943 1792 1366 1985 1371 1760 1493 1241 1290 1689 1971 1446 1496 1036 1440 1477 1673 1446 1709 1711 1026 1069 1500 1408 1615 1784 1131 1543 1080 1804 1110 1903 1549 1821 1779 1338 1002 1324 1718 1293 1830 1920 1306 1587 1042 1907 1671 1935 1157 1478 1287 1741 1225 1792 1798 1276 1160 1587 1658 1854 1565 1853 1569 1456 1542 1661 1752 1117 1467 1920 BCNSPRNW ULIB Ver.6.0+V

เปลี่ยนเป็นภาษาไทย

Change to English
 แสดงรายละเอียดบรรณานุกรม
  กลับหน้าหลัก

Brief Record : Get Marc (ISO 2709) : E-mail record : QR code < ปิดหน้าต่าง
LEADER : 00000nam 2200000uu 4500
001    13399122299
003     ULIB
008    130206s2555||||th 000 0 tha d
020    ^a9786161111496 (ล.1)
060 04 ^aWY159^bก492 ล.1
245 00 ^aการพยาบาลเด็ก 1(ฉบับปรับปรุง) /^cพรทิพย์ ศิริบูรณ์พิพัฒนา, บรรณาธิการ
250    ^aพิมพ์ครั้งที่ 1
260    ^aนนทบุรี :^bโครงการสวัสดิการวิชาการ สถาบันพระบรมราชชนก กระทรวงสาธารณสุข,^c2555
300    ^a350 หน้า :^bภาพประกอบ ;^c26 ซม.
650  4 ^aการพยาบาลกุมารเวชศาสตร์
700 0  ^aพรทิพย์ ศิริบูรณ์พิพัฒนา,^eบรรณาธิการ
710 2  ^aกระทรวงสาธารณสุข
710 2  ^aสถาบันพระบรมราชชนก. ^bโครงการสวัสดิการวิชาการ
945    ^p250^l0^i033459
945    ^p250^l0^i033460
945    ^p250^l0^i033461
945    ^p250^l0^i033462
945    ^p250^l0^i033463
945    ^p250^l0^i033464
945    ^p250^l0^i033465
945    ^p250^l0^i033466
945    ^p250^l0^i033467
945    ^p250^l0^i033468
945    ^p250^l0^i033793
945    ^p250^l0^i033794
945    ^p250^l0^i033795
995    ^a เกษร
999    ^aใช้งานได้ทุกระบบ
รายการนี้ยังไม่มีแท็ก
คุณยังไม่ได้ล็อกอิน คุณสามารถมีกิจกรรมร่วมกับเว็บไซต์ได้ แต่ต้องล็อกอินก่อน ::
  ล็อกอิน

รายการสื่อสารสนเทศ

ลำดับที่ ประเภท เลขเรียก/บาร์โค้ด สถานที่ สถานะ
1. Book การพยาบาล
หนังสือสำรอง
สถานะ=หนังสือสำรอง
WY159 ก492 ล.1 ฉ.1 
  Barcode: 033459
ห้องสมุดวิทยาเขตสวรรค์ประชารักษ์
►ส่วนจัดเก็บหนังสือเก่า สปร
บนชั้น
  ขอยืม
2. Book การพยาบาล
Book การพยาบาล
WY159 ก492 ล.1 ฉ.10 
  Barcode: 033468
ห้องสมุดวิทยาเขตสวรรค์ประชารักษ์
►ส่วนจัดเก็บหนังสือเก่า สปร
บนชั้น
  ขอยืม
3. Book การพยาบาล
Book การพยาบาล
WY159 ก492 ล.1 ฉ.11 
  Barcode: 033793
ห้องสมุดวิทยาเขตสวรรค์ประชารักษ์
►ส่วนจัดเก็บหนังสือเก่า สปร
บนชั้น
  ขอยืม
4. Book การพยาบาล
Book การพยาบาล
WY159 ก492 ล.1 ฉ.12 
  Barcode: 033794
ห้องสมุดวิทยาเขตสวรรค์ประชารักษ์
►ส่วนจัดเก็บหนังสือเก่า สปร
บนชั้น
  ขอยืม
5. Book การพยาบาล
Book การพยาบาล
WY159 ก492 ล.1 ฉ.13 
  Barcode: 033795
ห้องสมุดวิทยาเขตสวรรค์ประชารักษ์
►ส่วนจัดเก็บหนังสือเก่า สปร
บนชั้น
  ขอยืม
6. Book การพยาบาล
Book การพยาบาล
WY159 ก492 ล.1 ฉ.2 
  Barcode: 033460
ห้องสมุดวิทยาเขตสวรรค์ประชารักษ์
►ส่วนจัดเก็บหนังสือเก่า สปร
บนชั้น
  ขอยืม
7. Book การพยาบาล
Book การพยาบาล
WY159 ก492 ล.1 ฉ.3 
  Barcode: 033461
ห้องสมุดวิทยาเขตสวรรค์ประชารักษ์
►ส่วนจัดเก็บหนังสือเก่า สปร
บนชั้น
  ขอยืม
8. Book การพยาบาล
Book การพยาบาล
WY159 ก492 ล.1 ฉ.4 
  Barcode: 033462
ห้องสมุดวิทยาเขตสวรรค์ประชารักษ์
►ส่วนจัดเก็บหนังสือเก่า สปร
บนชั้น
  ขอยืม
9. Book การพยาบาล
Book การพยาบาล
WY159 ก492 ล.1 ฉ.5 
  Barcode: 033463
ห้องสมุดวิทยาเขตสวรรค์ประชารักษ์
►ส่วนจัดเก็บหนังสือเก่า สปร
บนชั้น
  ขอยืม
10. Book การพยาบาล
Book การพยาบาล
WY159 ก492 ล.1 ฉ.6 
  Barcode: 033464
ห้องสมุดวิทยาเขตสวรรค์ประชารักษ์
►ส่วนจัดเก็บหนังสือเก่า สปร
บนชั้น
  ขอยืม
11. Book การพยาบาล
Book การพยาบาล
WY159 ก492 ล.1 ฉ.7 
  Barcode: 033465
ห้องสมุดวิทยาเขตสวรรค์ประชารักษ์
►ส่วนจัดเก็บหนังสือเก่า สปร
บนชั้น
  ขอยืม
12. Book การพยาบาล
Book การพยาบาล
WY159 ก492 ล.1 ฉ.8 
  Barcode: 033466
ห้องสมุดวิทยาเขตสวรรค์ประชารักษ์
►ส่วนจัดเก็บหนังสือเก่า สปร
บนชั้น
  ขอยืม
13. Book การพยาบาล
Book การพยาบาล
WY159 ก492 ล.1 ฉ.9 
  Barcode: 033467
ห้องสมุดวิทยาเขตสวรรค์ประชารักษ์
►ส่วนจัดเก็บหนังสือเก่า สปร
บนชั้น
  ขอยืม

รายการใกล้เคียง
    หัวเรื่อง [การพยาบาลกุมารเวชศาสตร์]

BibComment


ยังไม่เคยถูกคอมเมนท์

คอมเมนท์ทรัพยากรรายการนี้
  คอมเมนท์: การพยาบาลเด็ก 1ฉ..


 Copyright 2026. Bcnsprnw @Library